Transformer or Godzilla Character - Statistics

General Stats
  • This quiz has been taken 125 times
  • The average score is 17 of 20
Answer Stats
Question Answer % Correct
Rodan Godzilla Character
100%
Gigan Godzilla Character
100%
Bonecrusher Transformer
100%
Megatron Transformer
100%
Springer Transformer
97%
Prowl Transformer
97%
Grapple Transformer
97%
Arcee Transformer
94%
Bruticus Transformer
94%
Blurr Transformer
94%
Destroyah Godzilla Character
91%
Millennian Godzilla Character
91%
Meganulon Godzilla Character
91%
Suko Godzilla Character
88%
Jet Jaguar Godzilla Character
84%
Shockirus Godzilla Character
78%
Sky Lynx Transformer
78%
Mantleclaw Godzilla Character
66%
Axor Godzilla Character
53%
Star Falcon Godzilla Character
47%
No matching quizzes found
Score Distribution
Percent of People with Each Score
Percentile by Number Answered
Your Score History
You have not taken this quiz